000 00492nam a2200181Ia 4500
001 12211
005 20260306162925.0
008 260306t2020||||xx |||||||||||||| ||spa||
041 _aESP
082 _aHR 340
_bN° 12 2020 RPDC
100 _aTribunal Constitucional del Perú
_eAUT
245 0 _aRevista peruana de derecho constitucional:
_bhistoria constitucional
260 _c2020
300 _a590 páginas :
_c25 cm.
650 _aGEN
654 _aCDE
942 _cREV
_dJUS
_fJUS
_2ddc
_n
999 _c12211
_d12211